| 000 | 00406nam a2200145Ia 4500 | ||
|---|---|---|---|
| 999 |
_c10804 _d10804 |
||
| 008 | 191201s2011 xx 000 0 und d | ||
| 082 |
_a330.954 _bCHR |
||
| 100 | _aCHAKRABARTY, Bidyut | ||
| 245 | 0 | _aReconceptualizing Indian Democracy : The Changing Electorate | |
| 260 |
_aNew Delhi _bSAGE Pub. _c2020 |
||
| 300 | _a263 | ||
| 650 | _aBA Economics | ||
| 700 | _aPANDEY, Rajendra Kumar | ||
| 942 |
_2ddc _cBK |
||